00708nam a2200241 a 4500001001300000003000900013005001700022008004100039020001000080082001500090100001800105245005800123260002700181300000800208500003500216505002200251650001300273700001800286902000800304942000700312952013000319999001700449nice12345678IN_TiNIC20260116015114.0050524s0000 mala grp 000 0 eng  ac10000a294.3bSEN aSeng, Kem Eng aBuddhism the True Story of Gautama Buddha`s Teachings aMalaysiabAuthorc0000 a22p aincludes index and biblioraphy2 aFeb, 25-27, 2000. aBuddhism1 aSeng, Kem Eng bSRS cBK 001040708StackRoom-aHMIbHMId2007-07-20g100.00l1o294.3 SENp11000954r2025-01-17s2024-07-12v100.00w2005-05-24yBK c18345d18345